| 000 | 01348nam0a2200349 4500 | ||
|---|---|---|---|
| 001 | RU\NLR\BIBL_A\012665509 | ||
| 005 | 20260406080114.0 | ||
| 010 |
_a978-5-93630-958-8 _9200 |
||
| 035 | _a(NLR Aleph) 012665509 | ||
| 090 |
_a12769020 _c12769020 |
||
| 100 | _a20211214d2020 |||y0rusy50 ca | ||
| 101 | 1 |
_aeng _crus |
|
| 102 | _aRU | ||
| 105 | _aac z 000zy | ||
| 181 | 0 |
_ai _baxxe |
|
| 181 | 0 |
_ab _baxxe |
|
| 182 | 0 | _an | |
| 200 | 1 |
_aSurrealism by Nikas Safronov _fVera Pereyatenets _g[translator Anastasiya Delva] |
|
| 203 |
_aТекст _aИзображение _bвизуальные _cнепосредственные |
||
| 210 |
_aSaint-Petersburg _cDeanpress _d2020 |
||
| 215 |
_a118, [2] с. _cцв. ил., портр. _d24 |
||
| 541 | 1 | _aСюрреализм Никаса Сафронова | |
| 600 | 1 |
_aСафронов _bН. _f1956 _gНикас _92234844 _3RU\NLR\AUTH\6601573283 |
|
| 686 | 1 | _aЩ143(2Р=Рус)7-8 Сафронов | |
| 700 | 1 |
_7ba _8rus _aPerejatenec _bV. I. _gVera Ivanovna _9239140 _3RU\NLR\AUTH\770239196 |
|
| 702 | 1 |
_4570 _8rus _7ba _aSafronov _bN. _cхудожник _f1956- _gNikas _3RU\NLR\AUTH\770190773 _9190722 |
|
| 942 | _cBOOK | ||
| 980 | _aNB | ||